1056 1437 1112 1931 1361 1922 1093 1286 1025 1683 1953 1156 1893 1002 1394 1690 1894 1817 1256 1241 1121 1600 1081 1715 1888 1930 1276 1552 1749 1490 1494 1593 1305 1394 1157 1179 1799 1492 1665 1986 1604 1392 1001 1048 1499 1894 1718 1381 1896 1585 1410 1331 1544 1088 1028 1761 1991 1512 1097 1743 1098 1589 1121 1839 1745 1070 1188 1364 1223 1941 1528 1885 1855 1510 1958 1548 1888 1872 1106 1026 1134 1005 1498 1054 1823 1975 1696 1869 1256 1501 1631 1270 1185 1527 1853 1143 1651 1309 1519 BCNSPRNW ULIB Ver.6.0+V

เปลี่ยนเป็นภาษาไทย

Change to English
 แสดงรายละเอียดบรรณานุกรม
  กลับหน้าหลัก

Brief Record : Get Marc (ISO 2709) : E-mail record : QR code < ปิดหน้าต่าง
LEADER : 00000nam 2200000uu 4500
001    13399125499
003     ULIB
008    170614s2559||||th 000 0 tha d
020    ^a9786167902555
060 04 ^aWA31^bธ199ส
100 0  ^aธนัช กนกเทศ
245 10 ^aสังคมวิทยาสาธารณสุข =^bSociology of public health /^cธนัชกนกเทศ
246 31 ^aSociology of public health
250    ^aพิมพ์ครั้งที่ 1
260    ^aพิษณุโลก :^bมหาวิทยาลัยนเรศวร,^c2559
300    ^a415 หน้า ;^c26 ซม.
500    ^aอนามัยชุมชน
504    ^aมีบรรณานุกรมและดัชนี
505 0  ^a1.กระบวนทัศน์ทางเลือกในระบบสุขภาพในมิติสังคมวิทยา--2.แนวคิดและทฤษฎีหลัก ทางสังคมวิทยาการสาธารณสุข--3.แนวคิดทฤษฎี ร่วมสมัยทางสังคมวิทยาการสาธารณสุข--4.การวิเคราะห์ชุมชนโดยใช้วิธีวิทยาทางสังคมวิทยการสาธารณสุข ในระบบสุขภาพไทย--5.สุขภาพทางเลือกของประชาชนในระบบสุขภาพไทย--6.ความหลากหลายของสุขภาวะในสังคมวิทยาสาธารณสุข--7.บทสรุปและการสังเคราะห์
650  4 ^aการแพทย์กับสังคม
650  4 ^aสุขภาพ
650  4 ^aสังคมวิทยาการแพทย์
650  4 ^aสาธารณสุข
650  0 ^aอนามัยชุมชน
945    ^p420^l0^i25196
999    ^aกัณชพร
รายการนี้ยังไม่มีแท็ก
คุณยังไม่ได้ล็อกอิน คุณสามารถมีกิจกรรมร่วมกับเว็บไซต์ได้ แต่ต้องล็อกอินก่อน ::
  ล็อกอิน

รายการสื่อสารสนเทศ

ลำดับที่ ประเภท เลขเรียก/บาร์โค้ด สถานที่ สถานะ
1. หนังสือสำรอง
หนังสือสำรอง
WA31 ธ199ส ฉ.1 
  Barcode: 25196
ห้องสมุดวิทยาเขตนครสวรรค์
►ส่วนจัดเก็บหนังสือเก่า นว.
บนชั้น
  ขอยืม

รายการใกล้เคียง
    ผู้แต่ง [ธนัช กนกเทศ]

    หัวเรื่อง [การแพทย์กับสังคม]
    หัวเรื่อง [สุขภาพ]
    หัวเรื่อง [สังคมวิทยาการแพทย์]
    หัวเรื่อง [สาธารณสุข]
    หัวเรื่อง [อนามัยชุมชน]

BibComment


ยังไม่เคยถูกคอมเมนท์

คอมเมนท์ทรัพยากรรายการนี้
  คอมเมนท์: สังคมวิทยาสาธารณ..


 Copyright 2026. Bcnsprnw @Library